000 00206nam a22000857a 4500
001 1235271
005 20250930120236.0
245 _aELDEN DÜŞME
_cELLEN WITTLINGER
260 _bGÜNIŞIĞI KİTAPLIĞI YAYINLARI
999 _c1235271
_d1235271